000 00355nam a2200145Ia 4500
008 151213s9999 xx 000 0 und d
100 _aL.Gorehls
245 _aThe Product Manager's Hand Book
_cL.Gorehls
260 _aU.S.A
_bNTC
_c1995
300 _a2754 p.
650 _aA Hand Book
650 _aA Hand Book
700 _aL.Gorehls
999 _c1864
_d1864